| 000 | 00551nam a2200193Ia 4500 | ||
|---|---|---|---|
| 005 | 20250326143638.0 | ||
| 008 | 250326s9999 xx 000 0 und d | ||
| 020 | _a0-619-12012-6 | ||
| 037 | _aTextbook | ||
| 040 |
_aFMSL _beng _cFMSL |
||
| 041 |
_aeng _2eng |
||
| 084 |
_aD658(2:55) P3 _qFMSL |
||
| 100 |
_aVerity B _9748321 |
||
| 245 | 0 |
_aGuide to network cabling fundamentals _cVerity B |
|
| 260 |
_aUnited Kingdom _bUnited Kingdom, Thomson _c2003 |
||
| 300 | _a310p | ||
| 942 |
_cTB _hD658(2:55) P3 |
||
| 999 |
_c1300415 _d1300415 |
||